Ossa del corpo umano - Statistics

Statistiche generali
  • Questo quiz è stato fatto 262 volte
  • Il punteggio medio è 29 su 60
Statistiche sulle risposte
Ossa Quantità % Corretto
Femore 2
88%
Radio 2
87%
Tibia 2
87%
Ulna 2
87%
Falangi distali 5 x 2
85%
Falangi distali 5 x 2
85%
Falangi intermedie 4 x 2
85%
Falangi intermedie 4 x 2
85%
Falangi prossimali 5 x 2
85%
Falangi prossimali 5 x 2
85%
Perone 2
82%
Omero 2
81%
Scapola 2
73%
Clavicola 2
71%
Sterno 1
71%
Rotula 2
69%
Mandibola 1
64%
Osso Occipitale 1
63%
Vertebre Lombari 5
62%
Coccige 1
61%
Vertebre cervicali 7
59%
Ossa Metacarpali 5 x2
57%
Osso Sacro 1
55%
Coste 2 x 12
54%
Martello 2
54%
Ossa Matatarsali 5 x 2
54%
Osso Frontale 1
53%
Vertebre Toraciche 12
53%
Incudine 2
52%
Osso Parietale 2
51%
Osso temporale 2
50%
Staffa 2
46%
Osso Nasale 2
41%
Ileo 2
40%
Osso Sfenoide 1
36%
Osso Ioide 1
31%
Osso Mascellrare 2
31%
Scafoide 2
31%
Osso Etmoide 1
29%
Osso Zigomatico 2
29%
Pube 2
29%
Trapezio 2
28%
Calcagno 2
27%
Astragalo 2
25%
Osso Lacrimale 2
25%
Semilunare 2
24%
Vomere 1
24%
Ischio 2
23%
Piramidale 2
23%
Pisiforme 2
23%
Osso Palatino 2
22%
Trapezoide 2
22%
Uncinato 2
22%
Capitato 2
20%
Cuboide 2
20%
Cuneiforme intermedio 2
17%
Cuneiforme laterale 2
17%
Cuneiforme mediale 2
17%
Navicolare 2
16%
Cornetto nasale inferiore 2
10%
Nessun quiz corrispondente trovato
Distribuzione punteggi
Percentuale di utenti per punteggio
Percentile per numero di risposta
I tuoi punteggi nel tempo
Non hai fatto questo quiz